Online
Catalog

Plan hidrológico nacional / (Record no. 38359)

MARC details
000 -CABECERA
campo de control de longitud fija 00975nam a2200181 a 4500
001 - NÚMERO DE CONTROL
campo de control 000038869
005 - FECHA Y HORA DE LA ÚLTIMA TRANSACCIÓN
campo de control 20201002031412.0
008 - DATOS DE LONGITUD FIJA--INFORMACIÓN GENERAL
campo de control de longitud fija 130430s2012 dr abd 000 0 spa d
020 ## - NÚMERO INTERNACIONAL ESTÁNDAR DEL LIBRO
Número Internacional Estándar del Libro 9789945468106
040 ## - FUENTE DE LA CATALOGACIÓN
Centro catalogador/agencia de origen DO-SdBNP
Lengua de catalogación spa
Centro/agencia transcriptor BNPHU
245 00 - MENCIÓN DE TÍTULO
Título Plan hidrológico nacional /
Mención de responsabilidad, etc. Francisco T. Rodríguez.
260 ## - PUBLICACIÓN, DISTRIBUCIÓN, ETC.
Lugar de publicación, distribución, etc. Santo Domingo :
Nombre del editor, distribuidor, etc. Instituto Nacional de Aguas Potables y Alcantarilldos, (INDRHI),
Fecha de publicación, distribución, etc. 2012.
300 ## - DESCRIPCIÓN FÍSICA
Extensión 495 p. :
Otras características físicas il., gráf., mapas ;
Dimensiones 26 cm.
504 ## - NOTA DE BIBLIOGRAFÍA, ETC.
Nota de bibliografía, etc. Bibliografía.
505 0# - NOTA DE CONTENIDO CON FORMATO
Título Presentación --
-- Introducción y atecedentes --
-- Características de las regiones higrográficas --
-- Clima --
-- Disponibilidad de agua --
-- Demanda de agua --
-- El balance hídrico --
-- Calidad de aguas --
-- Fenómenos hidrológicos extremos --
-- Infraestructura hidráulica --
-- Estrategia y objetivos de desarrollo --
700 1# - PUNTO DE ACCESO ADICIONAL--NOMBRE DE PERSONA
Nombre de persona Rodríguez T., Francisco
9 (RLIN) 65141
710 2# - PUNTO DE ACCESO ADICIONAL--NOMBRE DE ENTIDAD CORPORATIVA
Nombre de entidad corporativa o nombre de jurisdicción como elemento de entrada Instituto Nacional de Aguas Potables y Alcantarilldos, INDRHI (República Dominicana)
9 (RLIN) 65142
Holdings
Estado de retiro Estado de pérdida No para préstamo Código de colección Localización permanente Ubicación/localización actual Ubicación en estantería Fecha de adquisición Número de inventario Total de préstamos Signatura topográfica completa Código de barras Fecha visto por última vez Precio válido a partir de Tipo de ítem Koha
      Patrimonio Dominicano General General Orden iniciada 30.04.2013 LF1   38869-30 25.06.2020 25.06.2020 Libro y Folleto Colección Patrimonio Dominicano
      Patrimonio Dominicano Patrimonio Dominicano Patrimonio Dominicano Orden iniciada 30.04.2013 LF1   38869-10 25.06.2020 25.06.2020 Libro y Folleto Colección Patrimonio Dominicano
      Patrimonio Dominicano Patrimonio Dominicano Patrimonio Dominicano Orden iniciada 30.04.2013 LF1   38869-20 25.06.2020 25.06.2020 Libro y Folleto Colección Patrimonio Dominicano

Powered by Koha